000 00481 a2200157 4500
003 OSt
005 20260310125406.0
008 260310b |||||||| |||| 00| 0 eng d
020 _a9789384144272
040 _coclc
082 _a658.8342
_bJAI/C
245 _aChanging consumer behavior /
_cEditor Dr.(Mrs.) Kushal Jain
260 _aDelhi:
_bResearch India Publications,
_c2014.
300 _a99 pages
942 _2ddc
_cBK
_h658.8342
_iJAI/C
_k658.8342
_mJAI/C
999 _c44726
_d44726